000 01354cam a2200397 a 4500
001 37155
005 20230410143536.0
008 920507s1990 dr b i000 0 eng d
035 _9(DLC) 97121008
035 _a714198
942 _2lcc
_cbk
010 _a 97121008
035 _a(OCoLC)25777388
040 _aCFlS
_cCFlS
_dDLC
041 _aeng
042 _alccopycat
043 _ad------
050 1 4 _aT 36
_bA286w 1990
100 2 _aAhooja-Patel, Krishna.
245 0 0 _aWomen's access to technology :
_bmyths and realities.
260 _aSanto Domingo [Dominican Republic] :
_bINSTRAW,
_c[1990]
300 _a62 p. ;
_c27 cm.
490 1 _aResearch paper series
500 _aBy Krishna Ahooja-Patel, Susan C. Bourque and Kay B. Warren.
500 _a"INSTRAW/SER.B/42."
504 _aIncludes bibliographical references.
650 0 _aWomen in technology.
650 0 _aWomen in technology
_zDeveloping countries.
650 0 _aWomen in development.
650 0 _aWomen in development
_zDeveloping countries.
700 1 _aBourque, Susan Carolyn,
_d1943-
700 1 _aWarren, Kay B.,
_d1947-
710 2 _aInternational Research and Training Institute for the Advancement of Women.
830 0 _aResearch paper series (International Research and Training Institute for the Advancement of Women)
922 _aax
999 _c103575
_d103575